Racionálne nakladanie s komunálnym odpadom ako súčasť kruhovej ekonomiky

Odpady predstavujú cenný zdroj surovín, ktorý je stále veľmi podceňovaný a ignorovaný. Napriek daným okolnostiam je Slovensko stále na chvoste recyklovania a optimálneho nakladania s odpadmi spomedzi krajín Európskej únie. Najviac uplatňovaný je stále princíp lineárnej ekonomiky, kde produkty, ktoré...

ver descrição completa

Na minha lista:
Detalhes bibliográficos
Autor principal: Juráček, Lukáš
Outros Autores: Makyšová, Helena, Vaňová, Jaromíra
Formato: Capítulo de Livro
Idioma:eslovaco
Assuntos:
Tags: Adicionar Tag
Sem tags, seja o primeiro a adicionar uma tag!

MARC

LEADER 00000naa a2200000 4500
001 0299593
005 20240417075306.7
041 0 |a slo 
044 |a SK 
245 1 0 |a Racionálne nakladanie s komunálnym odpadom ako súčasť kruhovej ekonomiky  |c Lukáš Juráček, Helena Makyšová, Jaromíra Vaňová 
520 |a Odpady predstavujú cenný zdroj surovín, ktorý je stále veľmi podceňovaný a ignorovaný. Napriek daným okolnostiam je Slovensko stále na chvoste recyklovania a optimálneho nakladania s odpadmi spomedzi krajín Európskej únie. Najviac uplatňovaný je stále princíp lineárnej ekonomiky, kde produkty, ktoré stratia alebo naplnia svoju úlohu skončia ako odpad. Subjekty, ktoré vytvárajú akýkoľvek typ odpadu by sa mali zaujímať o kruhovú ekonomiku, pretože v súčasnosti čelia podniky surovinovým, materiálnym, a tým aj tovarovým výpadkom a energetickým nedostatkom, resp. vysokej cene za poskytnuté energie. Úplným alebo čiastočným prechodom na kruhovú ekonomiku je možné dosiahnuť úsporu nákladov, opätovné zhodnocovanie surovín, dosiahnutie udržateľnosti v podnikaní a zvýšenie konkurencieschopnosti. 
610 2 0 |a hospodárstvo obehové 
610 2 0 |a odpad komunálny 
610 2 0 |a recyklácia odpadu 
610 2 0 |a udržateľnosť 
610 2 0 |a konkurencieschopnosť 
610 2 0 |a hospodárstvo odpadové 
610 2 0 |a využitie odpadu 
100 1 |a Juráček, Lukáš 
700 1 |a Makyšová, Helena 
700 1 |a Vaňová, Jaromíra